00438nam a2200157Ia 45000010006000000050017000060080041000230410008000640820024000721100022000962450109001182600009002273000028002366500008002646540008002721202320260306162911.0260306t2019||||xx |||||||||||||| ||spa|| aESP aHR 340bMAR 2019 DJ aGaceta Jurídica 0aDiálogo con la jurisprudencia:bactualidad jurisprudencial para jueces, fiscales y abogados litigantes c2019 a344 páginas :c25 cm. aGEN aCDE